[Event "AZE-ch 79th"]
[Site "Baku"]
[Date "2025.02.05"]
[Round "2.2"]
[White "Mamedyarov, Shakhriyar"]
[Black "Abbasov, Farid"]
[Result "1-0"]
[WhiteElo "2732"]
[BlackElo "2487"]
[PlyCount "75"]
[EventDate "2025.02.01"]
[EventType "k.o."]
[EventRounds "5"]
[EventCountry "AZE"]
[SourceTitle "CB08_2025"]
[SourceDate "2025.02.19"]
[SourceVersion "1"]
[SourceVersionDate "2025.02.19"]
[SourceQuality "1"]

1. d4 Nf6 2. c4 c5 3. d5 b5 4. Nf3 g6 5. cxb5 a6 6. bxa6 Bg7 7. g3 0-0 8. Bg2 d6 9. 0-0 Nbd7 10. Nc3 Bxa6 11. Qc2 Nb6 12. Rd1 Re8 13. e4 Bb7 14. a4 Qd7 15. h3 Reb8 16. Ra2 Ne8 17. b3 Nc7 18. Bd2 Ba6 19. Kh2 Ra7 20. Raa1 Rab7 21. Rab1 Nc8 22. h4 e6 23. dxe6 fxe6 24. Be3 Qe7 25. Ng5 Qf6 26. Na2 h6 27. Nf3 e5 28. b4 cxb4 29. Nxb4 Rxb4 30. Rxb4 Rxb4 31. Qxc7 Qf7 32. Qa5 Qb7 33. Bh3 Be2 34. Qd8+ Kh7 35. Bxc8 Qf7 36. h5 Rxe4 37. Rxd6 gxh5 38. Be6 1-0

[Event "AZE-ch 79th"]
[Site "Baku"]
[Date "2025.02.04"]
[Round "2.1"]
[White "Abbasov, Farid"]
[Black "Mamedyarov, Shakhriyar"]
[Result "0-1"]
[WhiteElo "2487"]
[BlackElo "2732"]
[PlyCount "72"]
[EventDate "2025.02.01"]
[EventType "k.o."]
[EventRounds "5"]
[EventCountry "AZE"]
[SourceTitle "CB08_2025"]
[SourceDate "2025.02.19"]
[SourceVersion "1"]
[SourceVersionDate "2025.02.19"]
[SourceQuality "1"]

1. b3 e5 2. Bb2 Nc6 3. e3 g6 4. Nf3 Bg7 5. c4 f5 6. b4 Qe7 7. b5 e4 8. Nc3 exf3 9. Nd5 Bxb2 10. Nxe7 Ncxe7 11. gxf3 b6 12. Rb1 Bg7 13. c5 bxc5 14. Qc2 d6 15. d4 Nf6 16. dxc5 d5 17. f4 Ne4 18. f3 Nf6 19. Rd1 Be6 20. Be2 Kf7 21. Kf2 Rhd8 22. Rd2 d4 23. Rhd1 dxe3+ 24. Kxe3 Rxd2 25. Rxd2 Ned5+ 26. Kf2 Bh6 27. Bc4 Bxf4 28. Re2 Re8 29. Rxe6 Rxe6 30. Qb3 Re5 31. b6 axb6 32. cxb6 cxb6 33. h4 Kg7 34. Qb2 Kh6 35. a4 Kh5 36. Qa1 Kxh4 0-1

[Event "Moscow Botvinnik Memorial Cup"]
[Site "Moscow"]
[Date "2024.09.09"]
[Round "9.2"]
[White "Abbasov, Farid"]
[Black "Meirkhanuly, Akylzhan"]
[Result "1/2-1/2"]
[WhiteElo "2487"]
[BlackElo "2014"]
[PlyCount "42"]
[EventDate "2024.09.04"]
[EventType "team-tourn"]
[EventRounds "9"]
[EventCountry "RUS"]
[SourceTitle "EXT 2025"]
[Source "ChessBase"]
[SourceDate "2024.10.14"]
[SourceVersion "1"]
[SourceVersionDate "2024.10.14"]
[SourceQuality "1"]
[WhiteTeam "Azerbaijan"]
[BlackTeam "Kazakhstan"]
[WhiteTeamCountry "AZE"]
[BlackTeamCountry "KAZ"]

1. d4 Nf6 2. c4 e6 3. Bf4 b6 4. Nf3 Bb7 5. Nbd2 Bb4 6. e3 0-0 7. Bd3 d6 8. 0-0 Bxd2 9. Nxd2 Nbd7 10. Bg5 Qe7 11. Rc1 Rfe8 12. b4 a5 13. c5 bxc5 14. bxc5 dxc5 15. Nb3 cxd4 16. Rxc7 Qb4 17. Nxd4 Rac8 18. a3 Qb6 19. Rxc8 Rxc8 20. Bxf6 Nxf6 21. Qb1 Qc7 1/2-1/2

[Event "Moscow Botvinnik Memorial Cup"]
[Site "Moscow"]
[Date "2024.09.09"]
[Round "9.3"]
[White "Khazhatuly, Alikhan"]
[Black "Abbasov, Farid"]
[Result "0-1"]
[WhiteElo "1906"]
[BlackElo "2487"]
[PlyCount "112"]
[EventDate "2024.09.04"]
[EventType "team-tourn"]
[EventRounds "9"]
[EventCountry "RUS"]
[SourceTitle "EXT 2025"]
[Source "ChessBase"]
[SourceDate "2024.10.14"]
[SourceVersion "1"]
[SourceVersionDate "2024.10.14"]
[SourceQuality "1"]
[WhiteTeam "Kazakhstan"]
[BlackTeam "Azerbaijan"]
[WhiteTeamCountry "KAZ"]
[BlackTeamCountry "AZE"]

1. e4 c6 2. d4 d5 3. Nd2 dxe4 4. Nxe4 Nf6 5. Nxf6+ exf6 6. c3 Bd6 7. Bd3 0-0 8. Qc2 Re8+ 9. Ne2 h5 10. Be3 Nd7 11. Ng3 Nb6 12. 0-0-0 h4 13. Ne4 Be7 14. Nd2 Nd5 15. Rde1 Be6 16. Kb1 b5 17. g3 Qd7 18. gxh4 f5 19. Bg5 Bxg5 20. hxg5 Nf4 21. h4 c5 22. h5 cxd4 23. c4 Rac8 24. b3 bxc4 25. Bxc4 Bd5 26. Rxe8+ Qxe8 27. Qxf5 Bxh1 28. Qxf4 Bd5 29. Qxd4 Bxc4 30. bxc4 Rd8 31. Qc3 Qe1+ 32. Kc2 Qxf2 33. h6 Qf5+ 34. Kc1 Qxg5 35. hxg7 Qg1+ 36. Kc2 Qg6+ 37. Kc1 Qxg7 38. Qa5 Qg1+ 39. Kc2 Qg6+ 40. Kc1 Qg1+ 41. Kc2 Qd4 42. Qg5+ Kf8 43. Qh6+ Ke8 44. Qc6+ Rd7 45. Ne4 Ke7 46. Nc3 Qf2+ 47. Kc1 Qd2+ 48. Kb1 Qxc3 49. Qe4+ Kf8 50. Qa8+ Kg7 51. Qg2+ Kf6 52. Qc6+ Ke7 53. Qe4+ Kd6 54. Qd5+ Kc7 55. Qc5+ Kb8 56. Qf8+ Kb7 0-1

[Event "Moscow Botvinnik Memorial Cup"]
[Site "Moscow"]
[Date "2024.09.08"]
[Round "8.30"]
[White "Shavkatov, Lazizbek"]
[Black "Abbasov, Farid"]
[Result "1/2-1/2"]
[WhiteElo "1846"]
[BlackElo "2487"]
[PlyCount "44"]
[EventDate "2024.09.04"]
[EventType "team-tourn"]
[EventRounds "9"]
[EventCountry "RUS"]
[SourceTitle "EXT 2025"]
[Source "ChessBase"]
[SourceDate "2024.10.14"]
[SourceVersion "1"]
[SourceVersionDate "2024.10.14"]
[SourceQuality "1"]
[WhiteTeam "Uzbekistan"]
[BlackTeam "Azerbaijan"]
[WhiteTeamCountry "UZB"]
[BlackTeamCountry "AZE"]

1. e4 e6 2. d4 d5 3. Nc3 dxe4 4. Nxe4 Nd7 5. Nf3 Ngf6 6. Nxf6+ Nxf6 7. Bd3 c5 8. 0-0 cxd4 9. Nxd4 Bc5 10. Nb3 Bb6 11. Bg5 Qd5 12. Bxf6 gxf6 13. Be2 Qxd1 14. Raxd1 Bd7 15. Bf3 0-0-0 16. Nd2 f5 17. Nc4 Bc7 18. Nd6+ Bxd6 19. Rxd6 Ba4 20. Rxd8+ Rxd8 21. Rd1 Rxd1+ 22. Bxd1 Kc7 1/2-1/2

[Event "Moscow Botvinnik Memorial Cup"]
[Site "Moscow"]
[Date "2024.09.07"]
[Round "6.28"]
[White "Abbasov, Farid"]
[Black "Sezdbekova, Aizhan"]
[Result "0-1"]
[WhiteElo "2487"]
[BlackElo "1799"]
[PlyCount "62"]
[EventDate "2024.09.04"]
[EventType "team-tourn"]
[EventRounds "9"]
[EventCountry "RUS"]
[SourceTitle "EXT 2025"]
[Source "ChessBase"]
[SourceDate "2024.10.14"]
[SourceVersion "1"]
[SourceVersionDate "2024.10.14"]
[SourceQuality "1"]
[WhiteTeam "Azerbaijan"]
[BlackTeam "Kyrgyzstan"]
[WhiteTeamCountry "AZE"]
[BlackTeamCountry "KGZ"]

1. d4 Nf6 2. c4 e6 3. Nc3 d5 4. cxd5 exd5 5. Bg5 c6 6. e3 Be7 7. Bd3 0-0 8. Qc2 h6 9. Bh4 Nh5 10. Bxe7 Qxe7 11. Nge2 Qg5 12. 0-0 f5 13. Rae1 Nd7 14. Kh1 Ndf6 15. Ng1 Ne4 16. Nf3 Qf6 17. Ne5 Re8 18. Kg1 Be6 19. Be2 Qh4 20. g3 Qh3 21. Bf3 Nxc3 22. Bg2 Qxg2+ 23. Kxg2 Ne4 24. f3 Nd6 25. Qc5 Red8 26. b3 Nf6 27. a4 a6 28. h3 h5 29. Qb4 Rab8 30. Rc1 Kh7 31. Rc2 Kg8 0-1

[Event "Moscow Botvinnik Memorial Cup"]
[Site "Moscow"]
[Date "2024.09.06"]
[Round "5.6"]
[White "Torosyan, Volodya"]
[Black "Abbasov, Farid"]
[Result "1/2-1/2"]
[WhiteElo "2187"]
[BlackElo "2487"]
[PlyCount "80"]
[EventDate "2024.09.04"]
[EventType "team-tourn"]
[EventRounds "9"]
[EventCountry "RUS"]
[SourceTitle "EXT 2025"]
[Source "ChessBase"]
[SourceDate "2024.10.14"]
[SourceVersion "1"]
[SourceVersionDate "2024.10.14"]
[SourceQuality "1"]
[WhiteTeam "Armenia"]
[BlackTeam "Azerbaijan"]
[WhiteTeamCountry "ARM"]
[BlackTeamCountry "AZE"]

1. e4 c6 2. d4 d5 3. e5 Bf5 4. h4 h6 5. Bd3 Bxd3 6. cxd3 e6 7. h5 Qb6 8. Nf3 Ne7 9. g4 Nd7 10. Nc3 c5 11. dxc5 Nxc5 12. 0-0 Nc6 13. Qe2 Qa6 14. Rd1 Be7 15. Be3 Rd8 16. d4 Qxe2 17. Nxe2 Na4 18. Rd2 Rc8 19. Rc2 Kd7 20. b3 Nb6 21. a3 a5 22. Nf4 a4 23. Rb2 Na5 24. bxa4 Nxa4 25. Rb4 Nc3 26. Rb2 Na4 27. Rb5 b6 28. Rb4 Rc4 29. Nd3 Ra8 30. Rbb1 Rc3 31. Nf4 Nc4 32. Ne2 Rxa3 33. Rxa3 Nxa3 34. Rb3 Nc4 35. Bc1 Kc6 36. g5 hxg5 37. Bxg5 Bf8 38. Bc1 Be7 39. Bg5 Bf8 40. Bc1 Be7 1/2-1/2

[Event "Moscow Botvinnik Memorial Cup"]
[Site "Moscow"]
[Date "2024.09.05"]
[Round "3.15"]
[White "Abbasov, Farid"]
[Black "Bulgak, Damir"]
[Result "1-0"]
[WhiteElo "2487"]
[BlackElo "2044"]
[PlyCount "235"]
[EventDate "2024.09.04"]
[EventType "team-tourn"]
[EventRounds "9"]
[EventCountry "RUS"]
[SourceTitle "EXT 2025"]
[Source "ChessBase"]
[SourceDate "2024.10.14"]
[SourceVersion "1"]
[SourceVersionDate "2024.10.14"]
[SourceQuality "1"]
[WhiteTeam "Azerbaijan"]
[BlackTeam "Belarus"]
[WhiteTeamCountry "AZE"]
[BlackTeamCountry "BLR"]

1. d4 Nf6 2. c4 e6 3. Nc3 Bb4 4. Qb3 c5 5. dxc5 Bxc5 6. Nf3 0-0 7. Bg5 Nc6 8. e3 Be7 9. Be2 d5 10. cxd5 Nxd5 11. Bxe7 Ncxe7 12. 0-0 Nxc3 13. Qxc3 Nc6 14. Rfd1 Qe7 15. Ne5 Nxe5 16. Qxe5 f6 17. Qd6 Qxd6 18. Rxd6 e5 19. Bc4+ Kh8 20. Bd5 Bf5 21. e4 Rad8 22. Rxd8 Rxd8 23. Rc1 h6 24. h3 Rc8 25. Rd1 Bg6 26. Bxb7 Rc2 27. Rd8+ Kh7 28. Bd5 Rxb2 29. Ra8 h5 30. h4 Rb4 31. f3 a6 32. Bg8+ Kh6 33. Be6 Bh7 34. Rxa6 g5 35. hxg5+ Kxg5 36. Ra7 Bg6 37. Rg7 Kh6 38. Rg8 Bh7 39. Rh8 Kg7 40. Ra8 Rb6 41. Ra7+ Kh6 42. Re7 Kg5 43. Rg7+ Kh6 44. Re7 Kg5 45. Bb3 Bg6 46. Rg7 Kh6 47. Re7 Rb5 48. Kf2 f5 49. exf5 Bxf5 50. Kg3 Kg5 51. Rg7+ Kf6 52. Rg8 e4 53. fxe4 Bxe4 54. Kh4 Bd5 55. Bxd5 Rxd5 56. Rg3 Ra5 57. a3 Rb5 58. Rc3 Ra5 59. Rf3+ Kg6 60. Rg3+ Kh6 61. Kh3 Ra4 62. Rb3 Kg5 63. Kg3 Rg4+ 64. Kf2 Ra4 65. Rb5+ Kg6 66. Rb6+ Kg5 67. Rb5+ Kg6 68. Rb3 Kg5 69. Rg3+ Kf4 70. Rc3 Ra6 71. Rc4+ Kg5 72. a4 Rb6 73. Rc2 Rf6+ 74. Kg3 Rf5 75. Rb2 Kg6 76. Ra2 Ra5 77. Kf4 Kf6 78. Ra1 Rg5 79. Kf3 Ra5 80. Ke4 Ke6 81. Ra2 Kd6 82. Rd2+ Ke6 83. Rd4 Rg5 84. Kf3 Ra5 85. Rb4 Kf6 86. Kg3 Kg6 87. Kh4 Kh6 88. Rf4 Kg6 89. Kg3 Kg5 90. Rb4 Kg6 91. Kf2 Kf6 92. Ke1 Rg5 93. Rf4+ Ke5 94. Rf2 Ke4 95. Kf1 Ra5 96. g3 Ke3 97. Rf4 h4 98. Rxh4 Kf3 99. Rc4 Kxg3 100. Ke2 Re5+ 101. Kd3 Kf3 102. Rh4 Re1 103. Kc4 Ra1 104. Kb5 Rb1+ 105. Rb4 Rh1 106. a5 Rh5+ 107. Ka4 Rh6 108. Rc4 Ke3 109. Kb4 Kd3 110. Rg4 Rh1 111. a6 Ra1 112. Kb5 Kc3 113. Ra4 Rh1 114. a7 Rh5+ 115. Kc6 Rh6+ 116. Kd5 Rh5+ 117. Ke6 Rh6+ 118. Kf5 1-0

[Event "Moscow Botvinnik Memorial Cup"]
[Site "Moscow"]
[Date "2024.09.05"]
[Round "3.13"]
[White "Abbasov, Farid"]
[Black "Savelev, Matvei"]
[Result "1-0"]
[WhiteElo "2487"]
[BlackElo "2042"]
[PlyCount "162"]
[EventDate "2024.09.04"]
[EventType "team-tourn"]
[EventRounds "9"]
[EventCountry "RUS"]
[SourceTitle "EXT 2025"]
[Source "ChessBase"]
[SourceDate "2024.10.14"]
[SourceVersion "1"]
[SourceVersionDate "2024.10.14"]
[SourceQuality "1"]
[WhiteTeam "Azerbaijan"]
[BlackTeam "Belarus"]
[WhiteTeamCountry "AZE"]
[BlackTeamCountry "BLR"]

1. d4 d5 2. c4 e6 3. Nc3 Nf6 4. Bg5 Be7 5. e3 c6 6. cxd5 exd5 7. Bd3 h6 8. Bh4 0-0 9. Nge2 Ne4 10. Bxe7 Qxe7 11. Bxe4 dxe4 12. Qc2 f5 13. Nf4 Qf7 14. h4 Nd7 15. h5 Nf6 16. Nce2 Rd8 17. Qb3 Nd5 18. Nxd5 Rxd5 19. Nc3 Rd8 20. Qxf7+ Kxf7 21. Ne2 Be6 22. Nf4 a5 23. 0-0 a4 24. Rfc1 Ra5 25. Rc2 Kf6 26. f3 exf3 27. gxf3 Bf7 28. Kf2 Rb5 29. a3 Rb3 30. Rh1 Re8 31. Re1 Re7 32. Rd2 Rd7 33. Rc1 Re7 34. Re2 Be8 35. Rc3 b5 36. Rxb3 axb3 37. Re1 Bf7 38. Rc1 Bc4 39. Rg1 Ra7 40. Rg6+ Kf7 41. Rxc6 Rxa3 42. Ng6 Ra2 43. Ne5+ Ke7 44. Nxc4 bxc4 45. Kg3 Rxb2 46. Rxc4 Re2 47. Kf4 b2 48. Rb4 Kd6 49. e4 fxe4 50. fxe4 Rf2+ 51. Ke3 Rh2 52. Kd3 Kc6 53. Kc3 Re2 54. Kd3 Rh2 55. Kc3 Re2 56. e5 Kd5 57. Rb5+ Ke4 58. Rxb2 Re1 59. Rg2 Rc1+ 60. Kd2 Rc7 61. Rg4+ Kd5 62. Ke3 Rc3+ 63. Kf4 Kxd4 64. Rxg7 Rh3 65. Rd7+ Kc5 66. Kg4 Rh1 67. e6 Kc6 68. Rd8 Re1 69. Kf5 Kc7 70. Rd5 Rf1+ 71. Kg6 Rg1+ 72. Kf6 Rf1+ 73. Rf5 Re1 74. Kf7 Kd6 75. Rf2 Re3 76. Rf6 Re1 77. Rxh6 Re5 78. Rf6 Re3 79. h6 Re4 80. h7 Re3 81. h8Q Kd5 1-0

[Event "Moscow Botvinnik Memorial Cup"]
[Site "Moscow"]
[Date "2024.09.05"]
[Round "2.9"]
[White "Kodiri, Pairavi"]
[Black "Abbasov, Farid"]
[Result "0-1"]
[WhiteElo "1802"]
[BlackElo "2487"]
[PlyCount "58"]
[EventDate "2024.09.04"]
[EventType "team-tourn"]
[EventRounds "9"]
[EventCountry "RUS"]
[SourceTitle "EXT 2025"]
[Source "ChessBase"]
[SourceDate "2024.10.14"]
[SourceVersion "1"]
[SourceVersionDate "2024.10.14"]
[SourceQuality "1"]
[WhiteTeam "Tajikistan"]
[BlackTeam "Azerbaijan"]
[WhiteTeamCountry "TJK"]
[BlackTeamCountry "AZE"]

1. d4 Nf6 2. c4 d6 3. Nf3 Bg4 4. Nc3 e6 5. e4 Be7 6. Be2 0-0 7. h3 Bh5 8. e5 Nfd7 9. g4 Bg6 10. h4 h6 11. Be3 dxe5 12. dxe5 Nc6 13. h5 Bh7 14. Nd4 Ndxe5 15. Nxc6 Qxd1+ 16. Rxd1 Nxc6 17. Bf3 Ne5 18. Bxb7 Rab8 19. Bg2 Rxb2 20. 0-0 c5 21. Na4 Rxa2 22. Bxc5 Bxc5 23. Nxc5 Rc2 24. Rc1 Rc8 25. f4 Nxg4 26. Rxc2 Bxc2 27. Nd7 Rxc4 28. Rc1 Ne3 29. Bf3 Ba4 0-1

[Event "Moscow Botvinnik Memorial Cup"]
[Site "Moscow"]
[Date "2024.09.05"]
[Round "2.11"]
[White "Shorakhmatov, Iskandar"]
[Black "Abbasov, Farid"]
[Result "0-1"]
[WhiteElo "1468"]
[BlackElo "2487"]
[PlyCount "48"]
[EventDate "2024.09.04"]
[EventType "team-tourn"]
[EventRounds "9"]
[EventCountry "RUS"]
[SourceTitle "EXT 2025"]
[Source "ChessBase"]
[SourceDate "2024.10.14"]
[SourceVersion "1"]
[SourceVersionDate "2024.10.14"]
[SourceQuality "1"]
[WhiteTeam "Tajikistan"]
[BlackTeam "Azerbaijan"]
[WhiteTeamCountry "TJK"]
[BlackTeamCountry "AZE"]

1. d4 Nf6 2. Nc3 d6 3. Nf3 Bg4 4. e3 e6 5. g3 Be7 6. Bg2 Nbd7 7. 0-0 d5 8. a3 0-0 9. Qd3 Bf5 10. Qd2 h6 11. Ne2 Ne4 12. Qd1 c5 13. c3 Qb6 14. Nd2 Nd6 15. Qb3 Qa6 16. Nf4 Rac8 17. Re1 Nf6 18. h3 Nfe4 19. g4 Bh7 20. f3 Nxd2 21. Bxd2 Nc4 22. Rad1 Bh4 23. Re2 g5 24. Nh5 Na5 0-1

[Event "Moscow Botvinnik Memorial Cup"]
[Site "Moscow"]
[Date "2024.09.04"]
[Round "1.23"]
[White "Abbasov, Farid"]
[Black "Khafizova, Diana"]
[Result "0-1"]
[WhiteElo "2487"]
[BlackElo "1996"]
[PlyCount "90"]
[EventDate "2024.09.04"]
[EventType "team-tourn"]
[EventRounds "9"]
[EventCountry "RUS"]
[SourceTitle "EXT 2025"]
[Source "ChessBase"]
[SourceDate "2024.10.14"]
[SourceVersion "1"]
[SourceVersionDate "2024.10.14"]
[SourceQuality "1"]
[WhiteTeam "Azerbaijan"]
[BlackTeam "Russia"]
[WhiteTeamCountry "AZE"]
[BlackTeamCountry "RUS"]

1. c4 e6 2. Nf3 d5 3. e3 Nf6 4. Nc3 Bd6 5. d4 b6 6. Bd2 0-0 7. Rc1 c5 8. cxd5 exd5 9. Be2 c4 10. b3 Ba3 11. Ra1 Bb2 12. Rb1 Bxc3 13. Bxc3 b5 14. bxc4 bxc4 15. Nd2 Bf5 16. Rb2 Nc6 17. 0-0 Qd7 18. f3 Rac8 19. Rf2 Qe7 20. Nf1 Rb8 21. Qc1 Qa3 22. e4 dxe4 23. Ne3 Be6 24. Nxc4 Qa4 25. Ne3 Nxd4 26. Bd1 Qc6 27. Rxb8 Rxb8 28. Qd2 Nb5 29. Be5 Rc8 30. Bxf6 gxf6 31. fxe4 Qxe4 32. a4 Nd4 33. Nf1 Rd8 34. Qc3 Qe5 35. Kh1 Kh8 36. h3 Nf5 37. Qf3 Nh4 38. Qe2 Qg5 39. Ne3 Ng6 40. Bc2 Re8 41. Nf5 Bd7 42. Qd1 Bc6 43. Qd6 Ne5 44. Nd4 Ng4 45. Re2 Qc1+ 0-1

[Event "Moscow Botvinnik Memorial Cup"]
[Site "Moscow"]
[Date "2024.09.04"]
[Round "1.21"]
[White "Abbasov, Farid"]
[Black "Lisenkov, Svyatoslav"]
[Result "0-1"]
[WhiteElo "2487"]
[BlackElo "2153"]
[PlyCount "52"]
[EventDate "2024.09.04"]
[EventType "team-tourn"]
[EventRounds "9"]
[EventCountry "RUS"]
[SourceTitle "EXT 2025"]
[Source "ChessBase"]
[SourceDate "2024.10.14"]
[SourceVersion "1"]
[SourceVersionDate "2024.10.14"]
[SourceQuality "1"]
[WhiteTeam "Azerbaijan"]
[BlackTeam "Russia"]
[WhiteTeamCountry "AZE"]
[BlackTeamCountry "RUS"]

1. Nf3 Nf6 2. c4 c5 3. Nc3 g6 4. g3 Bg7 5. Bg2 0-0 6. e4 Nc6 7. 0-0 d6 8. h3 a6 9. a4 e5 10. d3 h6 11. Ne1 Nd4 12. Be3 Bd7 13. a5 Nc6 14. Qa4 b6 15. axb6 Qxb6 16. Nd5 Qxb2 17. Nf3 Rfb8 18. Nxf6+ Bxf6 19. Bxh6 Qb3 20. Qa3 a5 21. Qc1 a4 22. Qe3 Nb4 23. Rfb1 Qc3 24. Ne1 Nc2 25. Rc1 Qxa1 26. Rxa1 Nxe3 0-1

[Event "Moscow Botvinnik Memorial Cup"]
[Site "Moscow"]
[Date "2024.09.04"]
[Round "1.24"]
[White "Merkulova, Viktoria"]
[Black "Abbasov, Farid"]
[Result "0-1"]
[WhiteElo "1947"]
[BlackElo "2487"]
[PlyCount "90"]
[EventDate "2024.09.04"]
[EventType "team-tourn"]
[EventRounds "9"]
[EventCountry "RUS"]
[SourceTitle "EXT 2025"]
[Source "ChessBase"]
[SourceDate "2024.10.14"]
[SourceVersion "1"]
[SourceVersionDate "2024.10.14"]
[SourceQuality "1"]
[WhiteTeam "Russia"]
[BlackTeam "Azerbaijan"]
[WhiteTeamCountry "RUS"]
[BlackTeamCountry "AZE"]

1. e4 d6 2. d4 Nf6 3. Nc3 c6 4. a4 g6 5. Be2 Bg7 6. h4 h5 7. Nf3 Bg4 8. Ng5 Bxe2 9. Qxe2 e5 10. Be3 Nbd7 11. Rd1 Qe7 12. f3 0-0 13. 0-0 a5 14. f4 Ng4 15. dxe5 dxe5 16. f5 Nxe3 17. Qxe3 Qc5 18. Qxc5 Nxc5 19. fxg6 fxg6 20. Rd6 Rxf1+ 21. Kxf1 Rf8+ 22. Ke2 Bf6 23. g3 Kg7 24. Nf3 Kf7 25. Rd1 Ke6 26. Nd2 Bd8 27. b3 Rg8 28. Nc4 Bc7 29. Kf3 Nd7 30. Kg2 Nf6 31. Nd2 Ng4 32. Re1 Bb6 33. Nc4 Bc5 34. Na2 Rd8 35. Nc1 Bb4 36. Re2 b5 37. Ne3 Nxe3+ 38. Rxe3 Rd1 39. Na2 bxa4 40. bxa4 Rd2+ 41. Kf3 Rxc2 42. Re2 Rc4 43. Re3 Bd2 44. Rd3 Rc2 45. Ra3 Be1 0-1

[Event "Moscow Botvinnik Memorial Cup"]
[Site "Moscow"]
[Date "2022.08.22"]
[Round "8.1"]
[White "Abbasov, Farid"]
[Black "Akhilbay, Imangali"]
[Result "1/2-1/2"]
[WhiteElo "2487"]
[BlackElo "2017"]
[PlyCount "63"]
[EventDate "2022.08.18"]
[EventType "team-tourn"]
[EventRounds "9"]
[EventCountry "RUS"]
[SourceTitle "CBM 209 Extra"]
[Source "ChessBase"]
[SourceDate "2022.09.30"]
[SourceVersion "1"]
[SourceVersionDate "2022.09.30"]
[SourceQuality "1"]
[WhiteTeam "Azerbaijan"]
[BlackTeam "Kazakhstan"]
[WhiteTeamCountry "AZE"]
[BlackTeamCountry "KAZ"]

1. Nf3 Nf6 2. c4 g6 3. Nc3 Bg7 4. g3 0-0 5. Bg2 d5 6. cxd5 Nxd5 7. 0-0 Nb6 8. d3 Nc6 9. Be3 e5 10. Qc1 Nd4 11. Bh6 Re8 12. Bxg7 Kxg7 13. Re1 c6 14. Nd2 Nd5 15. a3 Bg4 16. Bf1 Qd7 17. e3 Nb5 18. Nce4 Qe7 19. Qc5 Qxc5 20. Nxc5 b6 21. Ncb3 Nbc7 22. h3 Bd7 23. Rac1 c5 24. d4 exd4 25. exd4 Rxe1 26. Rxe1 cxd4 27. Nxd4 Re8 28. Rc1 Ne6 29. N2f3 Nxd4 30. Nxd4 Rc8 31. Re1 Nf6 32. Bg2 1/2-1/2

[Event "Moscow Botvinnik Memorial Cup"]
[Site "Moscow"]
[Date "2022.08.22"]
[Round "7.3"]
[White "Abbasov, Farid"]
[Black "Sezdbekova, Aizhan"]
[Result "1-0"]
[WhiteElo "2487"]
[BlackElo "1444"]
[PlyCount "83"]
[EventDate "2022.08.18"]
[EventType "team-tourn"]
[EventRounds "9"]
[EventCountry "RUS"]
[SourceTitle "CBM 209 Extra"]
[Source "ChessBase"]
[SourceDate "2022.09.30"]
[SourceVersion "1"]
[SourceVersionDate "2022.09.30"]
[SourceQuality "1"]
[WhiteTeam "Azerbaijan"]
[BlackTeam "Kyrgyzstan"]
[WhiteTeamCountry "AZE"]
[BlackTeamCountry "KGZ"]

1. d4 Nf6 2. c4 e5 3. dxe5 Ne4 4. Nf3 d6 5. Nbd2 Nc5 6. b4 Ne6 7. exd6 Bxd6 8. a3 0-0 9. e3 c5 10. b5 f5 11. Bb2 Qe7 12. Be2 Nc7 13. Qc2 Nd7 14. 0-0 b6 15. Bd3 Ne5 16. Nxe5 Bxe5 17. Bxe5 Qxe5 18. Rae1 Bb7 19. f4 Qd6 20. Nf3 g6 21. Ne5 Rad8 22. Rd1 Qe6 23. Be2 Be4 24. Qc3 a6 25. a4 a5 26. Bf3 Bxf3 27. Nxf3 Rd6 28. Rxd6 Qxd6 29. h3 Rd8 30. Rf2 Qd1+ 31. Kh2 Rd3 32. Qe5 Rd7 33. e4 fxe4 34. Qxe4 Qxa4 35. Qc6 Re7 36. Qd6 Rf7 37. Ne5 Nxb5 38. Qd5 Nd6 39. Qxd6 Rf5 40. Qe6+ Kg7 41. Qe7+ Kg8 42. Rd2 1-0

[Event "Moscow Botvinnik Memorial Cup"]
[Site "Moscow"]
[Date "2022.08.19"]
[Round "2.4"]
[White "Abbasov, Farid"]
[Black "Navoyan, Gagik"]
[Result "1-0"]
[WhiteElo "2487"]
[BlackElo "1869"]
[PlyCount "205"]
[EventDate "2022.08.18"]
[EventType "team-tourn"]
[EventRounds "9"]
[EventCountry "RUS"]
[SourceTitle "CBM 209 Extra"]
[Source "ChessBase"]
[SourceDate "2022.09.30"]
[SourceVersion "1"]
[SourceVersionDate "2022.09.30"]
[SourceQuality "1"]
[WhiteTeam "Azerbaijan"]
[BlackTeam "Armenia"]
[WhiteTeamCountry "AZE"]
[BlackTeamCountry "ARM"]

1. d4 Nf6 2. c4 e6 3. Nf3 d5 4. e3 Be7 5. Nbd2 0-0 6. Bd3 c5 7. dxc5 Bxc5 8. 0-0 Nc6 9. a3 a5 10. b3 Qe7 11. Bb2 b6 12. cxd5 exd5 13. Qb1 h6 14. Bb5 Na7 15. Bd3 Nc6 16. Re1 Bb7 17. Nh4 Ne5 18. Nf5 Qe6 19. Nd4 Qe7 20. Bc2 Rfe8 21. Nf1 Ne4 22. f3 Nd6 23. Bc3 b5 24. b4 axb4 25. Bxb4 Qc7 26. a4 bxa4 27. Bxc5 Qxc5 28. Rxa4 Rxa4 29. Bxa4 Re7 30. Bc2 Nec4 31. Qa1 Re8 32. Qc3 Qa5 33. Qxa5 Nxa5 34. Ra1 Nac4 35. Kf2 Ra8 36. Rxa8+ Bxa8 37. h4 Bb7 38. g4 Ne5 39. Ng3 Ba6 40. Nh5 Bd3 41. Nf4 Bxc2 42. Nxc2 f5 43. g5 hxg5 44. hxg5 Ndf7 45. Ne6 Ng6 46. Nb4 Ne7 47. Kg3 Nd6 48. Nc7 Kf7 49. Ncxd5 Nxd5 50. Nxd5 Ke6 51. Nf4+ Kf7 52. Kf2 Nc4 53. Ke2 Ne5 54. Ng2 Ng6 55. f4 Ke6 56. Kd3 Kd5 57. Ne1 Nf8 58. Nc2 Ne6 59. Nb4+ Kc5 60. Na2 Nd8 61. e4 fxe4+ 62. Kxe4 Kd6 63. Kf5 Ne6 64. Nc3 g6+ 65. Ke4 Ke7 66. Ke5 Kf7 67. Ne4 Ke7 68. Nd6 Nc5 69. Nc4 Nd3+ 70. Ke4 Nc5+ 71. Ke3 Ke6 72. Kf3 Nd3 73. Ne3 Nc5 74. Kg4 Nd3 75. Ng2 Nc5 76. Nh4 Kf7 77. Kf3 Ne6 78. Ke4 Nf8 79. Kd5 Ne6 80. Ke5 Nf8 81. Kd6 Ne6 82. Ng2 Ng7 83. Ne3 Nh5 84. Nd5 Ng3 85. Nb4 Nf5+ 86. Kd7 Ne3 87. Nd3 Nd5 88. Kd6 Ne3 89. Ne5+ Kg7 90. Ke6 Nf5 91. Nf3 Ng3 92. Nd4 Kg8 93. Ke7 Ne4 94. Ne6 Kh7 95. Kf8 Nd6 96. Nc5 Nf5 97. Ne4 Nh4 98. Kf7 Kh8 99. Nc5 Ng2 100. Ne6 Nh4 101. Nf8 Nf3 102. Nxg6+ Kh7 103. Ne5 1-0

[Event "Baku Jafarov Memorial"]
[Site "Baku"]
[Date "2022.07.02"]
[Round "9"]
[White "Ibrahimli, Murad Sultanali"]
[Black "Abbasov, Farid"]
[Result "1/2-1/2"]
[WhiteElo "2430"]
[BlackElo "2501"]
[PlyCount "28"]
[EventDate "2022.06.26"]
[EventType "swiss"]
[EventRounds "9"]
[EventCountry "AZE"]
[SourceTitle "EXT 2023"]
[Source "ChessBase"]
[SourceDate "2022.10.05"]
[SourceVersion "1"]
[SourceVersionDate "2022.10.05"]
[SourceQuality "1"]
[WhiteTeam "Garabagh"]
[BlackTeam "Shirvanshah"]
[WhiteTeamCountry "AZE"]
[BlackTeamCountry "AZE"]

1. d4 Nf6 2. c4 g6 3. Nc3 Bg7 4. e4 d6 5. Nf3 0-0 6. Be2 e5 7. 0-0 Nc6 8. d5 Ne7 9. Ne1 Ne8 10. Be3 f5 11. f3 f4 12. Bf2 g5 13. Rc1 Ng6 14. Nd3 Nf6 1/2-1/2